000 00401nam a2200169Ia 4500
008 210716s2002 xx 000 0 und d
020 _a8178811022
041 _aeng
082 _a658.5 MUKA
100 _aMukund, A.
245 _aOperation management.
250 _a1
260 _aHyderabad
_bICFAI University Press
_c2002
300 _av,163
440 _vI
650 _aOperations Management
999 _c202401
_d202401